Hydrology and hydraulic systems / (Record no. 233695)

000 -LEADER
fixed length control field nam a22 7a 4500
003 - CONTROL NUMBER IDENTIFIER
control field Nust
005 - DATE AND TIME OF LATEST TRANSACTION
control field 20170310104942.0
008 - FIXED-LENGTH DATA ELEMENTS--GENERAL INFORMATION
fixed length control field 170310b xxu||||| |||| 00| 0 eng d
020 ## - INTERNATIONAL STANDARD BOOK NUMBER
International Standard Book Number 978-15-7766455-0
040 ## - CATALOGING SOURCE
Transcribing agency DLC
082 ## - DEWEY DECIMAL CLASSIFICATION NUMBER
Classification number 627 GUP
245 ## - TITLE STATEMENT
Title Hydrology and hydraulic systems /
Statement of responsibility, etc. Gupta, Ram S.
260 ## - PUBLICATION, DISTRIBUTION, ETC.
Place of publication, distribution, etc. Long Grove, Ill. :
Name of publisher, distributor, etc. Waveland Press,
300 ## - PHYSICAL DESCRIPTION
Extent xiv, 896 p. :
942 ## - ADDED ENTRY ELEMENTS (KOHA)
Source of classification or shelving scheme
Koha item type Book
Holdings
Withdrawn status Lost status Source of classification or shelving scheme Damaged status Not for loan Permanent Location Current Location Date acquired Total Checkouts Full call number Barcode Date last seen Price effective from Koha item type
          School of Civil and Environmental Engineering (SCEE) School of Civil and Environmental Engineering (SCEE) 03/10/2017   627 GUP NIT-7366 03/10/2017 03/10/2017 Book
© 2023 Central Library, National University of Sciences and Technology. All Rights Reserved.